[Event "Enniscrone Sligo Spring op"]
[Site "Enniscrone"]
[Date "2023.02.05"]
[Round "5"]
[White "Culbeaux Tello, Josue Octa"]
[Black "Nikula, Mikko"]
[Result "0-1"]
[WhiteElo "2137"]
[BlackElo "1811"]
[PlyCount "116"]
[EventDate "2023.02.03"]
[EventType "swiss"]
[EventRounds "5"]
[EventCountry "IRL"]
[SourceTitle "CBM 212 Extra"]
[Source "ChessBase"]
[SourceDate "2023.03.31"]
[SourceVersion "1"]
[SourceVersionDate "2023.03.31"]
[SourceQuality "1"]

1. e4 e5 2. Nc3 Nf6 3. d3 d5 4. Bg5 dxe4 5. Qd2 Be7 6. 0-0-0 Be6 7. Qe1 c6 8. f4 exf4 9. dxe4 Nbd7 10. Nf3 Qa5 11. e5 Ng8 12. Nd5 Qxe1 13. Nc7+ Kd8 14. Nxe6+ fxe6 15. Rxe1 Bxg5 16. Nxg5 Ke7 17. Bc4 Nf8 18. h4 Nh6 19. h5 Nf7 20. Nxf7 Kxf7 21. Rhf1 Nd7 22. Rxf4+ Ke7 23. Rg4 Rhg8 24. Bd3 g6 25. hxg6 hxg6 26. Bxg6 Raf8 27. Bh5 Rxg4 28. Bxg4 Rg8 29. Re4 Rg5 30. Bh3 Rxe5 31. Rxe5 Nxe5 32. Kd2 Kf6 33. Kc3 Ng6 34. Kd4 Nf4 35. Ke4 Nd5 36. c4 Nb6 37. c5 Na4 38. b4 Nc3+ 39. Kd3 Nd5 40. a3 Nc7 41. Kc4 a6 42. Bg4 Nd5 43. Kd4 Nf4 44. Bf3 Nd5 45. Be4 Nf4 46. a4 Nd5 47. b5 a5 48. b6 Ne7 49. Bd3 e5+ 50. Ke4 Nd5 51. Ba6 Nc3+ 52. Kd3 Nxa4 53. Kc4 e4 54. Bxb7 e3 55. Bxc6 e2 56. b7 e1Q 57. b8Q Qc3+ 58. Kd5 Qd3# 0-1

[Event "Enniscrone Sligo Spring op"]
[Site "Enniscrone"]
[Date "2023.02.03"]
[Round "1"]
[White "Culbeaux Tello, Josue Octa"]
[Black "Boyle, Bernard"]
[Result "1-0"]
[WhiteElo "2137"]
[BlackElo "1818"]
[PlyCount "117"]
[EventDate "2023.02.03"]
[EventType "swiss"]
[EventRounds "5"]
[EventCountry "IRL"]
[SourceTitle "CBM 212 Extra"]
[Source "ChessBase"]
[SourceDate "2023.03.31"]
[SourceVersion "1"]
[SourceVersionDate "2023.03.31"]
[SourceQuality "1"]

1. e4 e6 2. d4 d5 3. e5 c5 4. c3 Bd7 5. Nf3 Nc6 6. dxc5 Bxc5 7. b4 Bb6 8. b5 Na5 9. Bd3 f6 10. Nh4 Qe7 11. 0-0 f5 12. Nf3 h6 13. Nd4 Qf7 14. Nd2 Ne7 15. Kh1 Rc8 16. Bb2 0-0 17. Rc1 Nc4 18. Bxc4 dxc4 19. Qa4 a6 20. Nxc4 Bxd4 21. Nd6 Bxb5 22. Qxd4 Qg6 23. Nxc8 Rxc8 24. c4 Bc6 25. f3 Qf7 26. f4 Qh5 27. Kg1 Ng6 28. Qd1 Qh4 29. Qe1 Qh5 30. Rc3 Ne7 31. Rh3 Qf7 32. Ba3 Be4 33. Bd6 Rxc4 34. Rc3 Rxc3 35. Qxc3 Nd5 36. Qc8+ Kh7 37. Rf2 Qg6 38. Qc1 Qf7 39. h3 Qh5 40. Kh2 Qf7 41. g4 b5 42. Qg1 fxg4 43. f5 g3+ 44. Qxg3 Bxf5 45. Ba3 Qg6 46. Qh4 Ne3 47. Bc1 Nd1 48. Rg2 Qf7 49. Qd4 Qh5 50. Qd7 Qxh3+ 51. Kg1 Bg6 52. Qxd1 Be4 53. Rxg7+ Kxg7 54. Qd7+ Kg6 55. Qe8+ Kf5 56. Qf7+ Kxe5 57. Bb2+ Kd5 58. Qd7+ Kc4 59. Qd4# 1-0